Política y sociología en Max Weber / (Record no. 45521)

MARC details
000 -CABECERA
campo de control de longitud fija 00596nam a2200205 a 4500
005 - FECHA Y HORA DE LA ÚLTIMA TRANSACCIÓN
campo de control 20220328111136.0
008 - ELEMENTOS DE LONGITUD FIJA--INFORMACIÓN GENERAL
campo de control de longitud fija 991125s1976 es 000 0 spa u
020 ## - NÚMERO INTERNACIONAL NORMALIZADO PARA LIBROS
Número Internacional Estándar del Libro 8420616389
035 ## - NÚMERO DE CONTROL DEL SISTEMA
Número de control de sistema UPN01000045521
049 ## - COLECCIÓN
Colección CG
050 #4 - SIGNATURA TOPOGRÁFICA DE LA BIBLIOTECA DEL CONGRESO
Número de clasificación HM33
Número de documento/Ítem G5.68
100 1# - ASIENTO PRINCIPAL--NOMBRE PERSONAL
Nombre de persona Giddens, Anthony,
Fechas asociadas al nombre 1938-
9 (RLIN) 28380
245 10 - MENCIÓN DE TÍTULO
Título Política y sociología en Max Weber /
Mención de responsabilidad, etc. Anthony Giddens ; tr. Andrés Linares.
260 ## - PUBLICACIÓN, DISTRIBUCIÓN, ETC.
Lugar de publicación, distribución, etc. Madrid :
Nombre del editor, distribuidor, etc. Alianza,
Fecha de publicación, distribución, etc. 1976.
300 ## - DESCRIPCIÓN FÍSICA
Extensión 99 p.
440 #3 - MENCIÓN DE SERIE/ASIENTO SECUNDARIO--TÍTULO
Título El libro de bolsillo ;
Designación de volumen o secuencia 638
600 14 - ASIENTO SECUNDARIO DE MATERIA - NOMBRE PERSONAL
Nombre de persona WEBER, MAX,
Fechas asociadas al nombre 1864-1920
650 #4 - ASIENTO SECUNDARIO DE MATERIA - TERMINO TEMATICO
Término de materia o nombre geográfico como elemento de entrada SOCIOLOGIA POLITICA
9 (RLIN) 6017
905 ## - TIPO DE MATERIAL
Tipo de material Libro
Holdings
Estado de retiro Estado de pérdida Fuente del sistema de clasificación o colocación Estado dañado Restricciones de uso No para préstamo Código de colección Localización permanente Ubicación/localización actual Ubicación en estantería Fecha de adquisición Total de préstamos Clasificación Código de barras Fecha visto por última vez Número de copia Tipo de ítem Koha
    Library of Congress Classification   Préstamo por horas   Bibliografía básica Bib. Gregorio Torres Quintero Bib. Gregorio Torres Quintero Colecciones especiales Planta alta 30/01/2023 19 HM33 G5.68 19883 31/12/2020 1 Libro por horas
    Library of Congress Classification       Colección General Bib. Gregorio Torres Quintero Bib. Gregorio Torres Quintero Planta baja   14 HM33 G5.68 27881 31/12/2020 1 Libro